000 00390pab a2200133 454500
008 180718b xxu||||| |||| 00| 0 eng d
100 _aRamaswamy, C
245 _aAgricultural labour market under different production environments
650 _a Agricultural Labour Market
650 _aFarm Labour - India - Tamil Nadu
700 _aK.N., Selvaraj
773 _aProductivity
909 _a21349
999 _c21349
_d21349